| 000 | 00000nas 2200000za 4500 |
| 001 | 9.824118 |
| 003 | CaOODSP |
| 005 | 20221107144043 |
| 007 | cr ||||||||||| |
| 008 | 160914d19931994oncar p o f0 a0eng|d |
| 040 | |aCaOODSP|beng |
| 043 | |an-cn--- |
| 086 | 1 |aF1-26E-PDF |
| 110 | 1 |aCanada. |bDepartment of Finance. |
| 245 | 10|aEconomic and fiscal reference tables |h[electronic resource]. |
| 260 | |a[Ottawa] : |bDepartment of Finance,|c[1993-1994] |
| 310 | |aAnnual |
| 362 | 1 |aBegan with Aug. 1993; ceased with Sept. 1994. |
| 500 | |aIssued also in French under title: Tableaux de référence économiques et financiers. |
| 500 | |aDigitized edition from print [produced by Finance Canada]. |
| 692 | 07|2gccst|aPublic finance |
| 692 | 07|2gccst|aFinancial management |
| 775 | 08|tTableaux de référence économiques et financiers |w(CaOODSP)9.824120 |
| 780 | 00|tEconomic reference tables |w(CaOODSP)9.824112 |
| 785 | 00|tFiscal reference tables |w(CaOODSP)9.505596 |